000 00527nam a2200217Ia 4500
003 OSt
005 20220923230654.0
006 a|||||r|||| 00| 0
007 ta
008 Pun
024 _a304,637
037 _cTextual
040 _aARTS
_cARTS
_bPun
041 _2Pun
_aPun
082 _aV236m2,N49, 153J1
245 0 _aਇਤਿਹਾਸਕ ਪੱਤ੍ਰ
260 _c1951
650 _aਭਾਰਤੀਯ ਇਤਿਹਾਸ
942 _hV236m2,N49, 153J1
_cTEXL
_2CC
999 _c386446
_d386446